Statistiques concernant Focus sur: Elrond - Tolkien

Cliquez ici pour prendre le quiz!

Statistiques générales

  • Ce quiz a été pris 117 fois
  • Le résultat moyen est 10 sur 18

Statistiques - réponses

Informations recherchéesRéponses% Correct
Espèce (choisie)Elfe
98%
Ages durant lequel il vécutPremier/Deuxième/Troisième
97%
Professions et titresSeigneur d'Imladris
93%
Première apparitionLe Hobbit
91%
Cité/valléeFondcombe
88%
FilleArwen
86%
Groupe de l'espèceSindar
61%
Groupe auquel il appartientConseil Blanc
52%
FrèreElros
42%
Acteur l'interprétant dans les filmsHugo Weaving
40%
"Surnom"Peredhel
36%
ContréeEriador
35%
Elrohir
32%
PèreEärendil
30%
FilsElladan
30%
EpouseCelebrían
24%
MèreElwing
20%
Héraut de Gil-galad
14%

Distribution des résultats

Percentile par nombre de réponses

% des personnes avec chaque résultat

Votre développement - résultats

Vous n’avez pas pris ce quiz